000 00797nam a2200301Ia 4500
003 OSt
005 20220912150110.0
006 a|||||r|||| 00| 0
007 ta
008 220909b |||||||| |||| 00| 0 eng d
020 _a0130307351 (pbk)
024 _a4089
037 _cTextual
040 _aCSL
_beng
_cCSL
041 _aeng
082 _aD65,8(B)91, N3
100 _aCritchley T A
245 0 _aOpen systems: the reality
260 _aNew York
_b Prentice Hall
_c1993
300 _axxxiii, 390p
490 _aBSC practitioner series
500 _aIndex 373-390p
650 _a Operating systems
650 _aComputer science
700 _a Batty K C
942 _hD65,8(B)91, N3
_cTEXL
_2CC
999 _c39597
_d39597